Pays du fleuve Niger - Statistiques

Statistiques générales
  • Ce quiz a été pris 73 fois
  • Le résultat moyen est 4 sur 5
Statistiques - réponses
Réponse % Correct
Niger
100%
Nigeria
97%
Mali
95%
Bénin
77%
Guinée
69%
Aucun quiz correspondant
Distribution des résultats
% des personnes avec chaque résultat
Percentile par nombre de réponses
Votre historique - résultats
Vous n’avez pas pris ce quiz